| 000 | 00530pab a2200205 454500 | ||
|---|---|---|---|
| 008 | 180718b2009 xxu||||| |||| 00| 0 eng d | ||
| 100 | _aAdithan, M. | ||
| 245 | _aInternationalization of higher education in universities in India | ||
| 260 | _c2009 | ||
| 300 | _ap.8-13. | ||
| 362 | _a28 Sep | ||
| 650 | _aUniversities - India | ||
| 650 | _aHigher education - India | ||
| 650 | _aHigher education | ||
| 700 | _aKothari, D.P. | ||
| 700 | _aRao, Eng B.V.A. | ||
| 773 | _aUniversity News | ||
| 908 | _aN | ||
| 909 | _a84025 | ||
| 999 |
_c84025 _d84025 |
||